| 000 | 00527nam a2200193Ia 4500 | ||
|---|---|---|---|
| 003 | GCL | ||
| 008 | 140319s9999 xx 000 0 eng d | ||
| 040 |
_aGCL / _cGCL |
||
| 082 | 0 | 4 |
_a371.102 _bW L |
| 100 | 1 | _aWATSON, HELEN | |
| 245 | 1 | 0 |
_aLEARNING TO TEACH: PRACTICAL ACTIVITIES FOR TEACHERS IN TRAINING / _cWATSON, HELEN |
| 700 | 1 | _aOSIBODU, BUKUNOLLA | |
| 260 |
_a[S.N] : _bEVANS. BROTHERS LIMITED ، _c1987 |
||
| 300 | _a134 P | ||
| 650 | 0 | 4 | _aTEACHING |
| 650 | 0 | 4 | _aLEARNING |
| 650 | 0 | 4 | _aEDUCATION |
| 942 |
_2ddc _cBK |
||
| 999 |
_c21305 _d21305 |
||